[Event "Poikovsky Karpov 06th"]
[Site "Poikovsky"]
[Date "2005.02.26"]
[Round "1"]
[White "Dreev, Alexey"]
[Black "Sadvakasov, Darmen"]
[Result "1-0"]
[WhiteElo "2704"]
[BlackElo "2635"]
[Annotator "Golod,V"]
[PlyCount "89"]
[EventDate "2005.02.26"]
[EventType "tourn"]
[EventRounds "9"]
[EventCountry "RUS"]
[EventCategory "18"]
[SourceTitle "CBM 106"]
[Source "ChessBase"]
[SourceDate "2005.06.06"]
[SourceVersion "1"]
[SourceVersionDate "2005.06.06"]
[SourceQuality "1"]

1. d4 Nf6 2. c4 e6 3. Nc3 Bb4 4. Qc2 d5 5. cxd5 Qxd5 6. Nf3 Qf5 7. Qxf5 exf5 8.
a3 Be7 9. Bf4 ({This deserves more attention:} 9. Bg5 $5 {For further
information you can see my annotations to Seirawan,Y-Adams,M/Bermuda,2000/CBM
76(1/2-1/2)(43)}) 9... c6 10. e3 Be6 $5 {This is fourth game where Darmen
Sadvakasov made this move, but you have to consider that the previous ones
were played on the internet!} (10... Nbd7 $5 11. Nd2 Nb6 12. Nb3 {/\Na5(קb7)}
Ne4 $5 {See my comments to Shipov,S-Khalifman,A/Sochi,2004/CBM 101(1/2-1/2)(49)
} (12... Nfd5 {The further comments you can find in my next game: Golod,
V-Psakhis,L/Tel-Aviv,1999/CBM 71(1-0)(67)})) ({Leads to favourable
simplifications for White:} 10... Nh5 11. Bc7 $140 Kd7 12. Be5 (12. Ba5 $5)
12... f6 13. Bg3 Nxg3 14. hxg3 {+/=/=}) 11. Nd2 $5 {A standard move in this
type of position. White transfers his knight to the "c4" square , where he
will threaten to go to "a5" attacking the black queen side (Pb7) and a jump to
the center of the board (><d6).} ({Before this game, in this position this was
tried 7 times:} 11. Bd3 $5) ({and this only twice} 11. h3) 11... Nbd7 {Black
finishes his development, he develops his last light piece. Now Black has the
possibility of castling to either side.} 12. Nc4 Nb6 $5 $146 {This seems like
a successful novelty. Before that, two other alternatives were explored:} (
12... O-O $143 13. Be2 Bxc4 $6 (13... a5 $5) 14. Bxc4 Nh5 15. Bc7 (15. Be5 $5)
15... Rac8 16. Be5 Nxe5 17. dxe5 $14 {Lomineishvili,M-Matnadze,A/Tbilisi,2002
(1-0)(30)}) (12... b6 $143 13. Nd6+ Kf8 14. Nc4 Nh5 15. Be5 Nhf6 16. Rc1 c5 17.
h3 Nd5 18. dxc5 Nxc3 19. Bxc3 Nxc5 20. Ne5 Rc8 21. Bb5 f6 22. Nc6 a6 23. Nxe7
Kxe7 24. Be2 a5 25. O-O Nb3 26. Rcd1 Rhd8 27. Rxd8 Rxd8 28. Re1 $14 {
Harikrishna,P-Safin,S/Abu Dhabi,2004(1-0)(73)}) 13. Na5 $140 {A better
continuation.} (13. Nd6+ $143 Bxd6 14. Bxd6 Ne4 {and White creates a blockade
on the white squares.}) 13... O-O-O 14. Be5 {White doesn't allow the black
knight to go to "h5" or "d5", but probably Alexey obviously didn't appreciate
black's next move.} (14. Be2 $6 Nfd5 {and Black isn't worse!}) 14... Ng4 $1 15.
Bg3 {But maybe Alexey Dreev considered everything and expected exactly this
simple bishop retreat.} (15. Bxg7 $6 Rhg8 16. Be5 Nxe5 17. dxe5 Nd7 18. f4 (18.
Nc4 b5 19. Nd6+ Kc7 20. f4 f6 $36 21. Ncxb5+ $140 cxb5 22. Nxb5+ Kb6 23. Nd4
Nf8 $15 24. Nxe6 $140 Nxe6 25. Bc4 fxe5 $1 26. Bxe6 Rxg2 $40 {[%csl Gd8,Re1,
Ge7,Gg2][%cal Ge7h4,Gd8d2]}) 18... f6 19. exf6 Nxf6 {[%csl Re3][%cal Gf6g4,
Ge7c5] Black gets a very strong initiative for a pawn, all of his pieces are
on very good squares!}) 15... g5 $1 {Black has created two threats: f4 (קd4)
or h5-h4 (ץg3).} 16. h3 $140 f4 17. exf4 (17. hxg4 $6 fxg3 18. f3 c5 $1 $36 {
Black gets to square "e3".}) 17... gxf4 18. Bxf4 Rxd4 19. g3 ({This was quite
risky:} 19. Ne2 Ra4 20. Nxc6 bxc6 21. hxg4 Bf6 $36) 19... Nf6 $8 20. Be5 {
Too many moves with the same piece this early in the game.} Rd7 21. Rc1 Re8 {
White, and then Black, puts his rooks on the same file with the opponent's
king.} 22. Be2 a6 {Black prepares "Nfd5", which was bad at first:} (22... Nfd5
{in view of:} 23. Nb5 $1 Rg8 (23... f6 $4 24. Nxa7+ Kd8 25. N5xc6+ bxc6 26.
Nxc6+ Kc8 27. Ba6+ Rb7 28. Na5+ Kd7 29. Bb5+ Kd8 30. Nxb7#) 24. Nxa7+ Kd8 25.
b4 $14 {despite the fact that the white knight is stuck on "a7", he has the
advantage.}) 23. O-O $5 Nfd5 ({After a computer's continuation:} 23... Bxh3 $6
24. Rfe1 {White's pressure is quite noticeable!}) 24. Ne4 Nc7 {Black defends
against all of his opponent's threats and now thinks about taking on Ph3,
which was impossible at first:} (24... Bxh3 $4 25. Rxc6+ $1 bxc6 (25... Kd8
$142 26. Rd1 $16) 26. Bxa6+ Rb7 (26... Kd8 $4 27. Nxc6#) 27. Bxb7+ Kd8 28. Rd1
Bg4 29. Rd4 $18) 25. h4 Rd5 26. Bc3 $6 {As my analysis showed, this wasn't the
best decision.} (26. Bxc7 $142 Kxc7 27. b4 Rd4 (27... Bd7 $5 28. Nc3 Rd6 29.
Nc4 Rd4 $11) 28. Bxa6 $1 bxa6 (28... Rxe4 $143 29. Bxb7 {/\Bxc6 +/=}) 29. Rxc6+
Kd7 30. Rxb6 Rxe4 31. Rd1+ Kc8 32. Rxa6 (32. Rc1+ $5 Kd7 33. Rd1+ $11) 32...
Kb8 $13) 26... Na4 27. b4 Bf5 {It was necessary to use an unsuccessful place
for the white's knight.} (27... f5 $5 28. Ng5 (28. Nf6 $4 Nxc3 $19 {[%csl Re2,
Rf6]}) 28... Nxc3 29. Rxc3 Bxg5 30. hxg5 Rd2 31. Re1 Bf7 32. Kf1 Nd5 $36) 28.
f3 Nxc3 $1 {Why not exchange the knight for a very strong dark squared bishop.}
29. Nxc3 (29. Rxc3 Bg6 {/\f5 =/=/+}) 29... Rdd8 $15 {Darmen Sadvakasov with
good reason, he didn't agreed to the temporary exchange sacrifice:} (29... Rxa5
$143 30. bxa5 Bxa3 31. g4 (31. Rcd1 Re3 {[%csl Rc3,Re2][%cal Yc3e2,Ge3c3,Ge3e2]
}) 31... Bxc1 32. Rxc1 Be6 33. Ne4 Rd8 34. Kf2 $44) 30. Bc4 Rg8 $1 {[%csl Rg1,
Rg3,Rh4] Up to this point, Black moves very strong.} ({This also wasn't bad:} 
30... Bg6 $5 31. Ne4 (31. f4 $2 Bf6 $17) (31. Rfd1 Rxd1+ 32. Rxd1 c5 $15 33.
Nd5 $140 $6 Nxd5 34. Bxd5 cxb4 35. Rc1+ (35. Bxb7+ $2 Kc7 $17) 35... Kb8 36.
axb4 Bxb4 37. Nxb7 Re1+ 38. Rxe1 Bxe1 {=/+/-/+}) 31... Nb5 (31... f5 $143 32.
Nc5 Bxc5+ 33. bxc5 Nb5 34. a4 $132) 32. Rfe1 f5 $15) 31. Kf2 Bf6 32. Ne2 ({
This was hardly better:} 32. Bxf7 Rgf8 33. Bc4 Bh3 $1 (33... Rd2+ $143 34. Ke3
(34. Ne2 $2 Bb2 $17) 34... Rg2 $36) 34. Rfd1 $140 Bd4+ 35. Ke2 Rde8+ 36. Ne4
Bb2 37. Rb1 Bg2 $1 38. Kd2 Be5 39. Be2 Bxf3 40. Bxf3 Rxf3 41. Nc4 Nb5 $17)
32... Ne6 $2 {After this unecessary error, White slowly gets the initiative.
Black had a better alternative, which lead to a big advantage:} (32... Bb2 $1
33. Rb1 (33. Rcd1 $143 Bxa3 34. Bxf7 Rgf8 35. Rxd8+ Rxd8 36. g4 Bd3 37. Rd1
Bxb4 {-/+/-+}) 33... Bxb1 34. Rxb1 Bf6 35. Bxf7 Rg7 36. Bb3 Re7 $17) {[%tqu
"En","Black's previous move was a blunder. Can you find why?","","","c4a6",
"After this little combination White gets Rook + two pawns against two Bishops
of his opponent.",10]} 33. Bxa6 $1 {After this little combination White gets
Rook + two pawns against two Bishops of his opponent.} bxa6 34. Nxc6 {[%csl
Gc1,Rc8,Rd8,Rf5,Rg8][%cal Gc6e7]} Kb7 (34... Bb2 $6 35. Nxd8+ (35. g4 $2 Rd2 $1
(35... Bxc1 $2 36. Rxc1 Bg6 37. h5 $1 $16) 36. Ne7+ Kb7 37. Rcd1 Rxd1 38. Rxd1
Rd8 39. Rxd8 Nxd8 40. Nxf5 Bxa3 $11) 35... Bxc1 36. Nxf7 $1 Bxa3 $140 37. Nd6+
Kc7 38. Nxf5 Bxb4 39. g4 a5 $14 {and the passed "a" pawn gives Black a good
counterchance.}) 35. Nxd8+ Rxd8 36. Rfd1 $1 {White not only wants to capture
the <-> "d" file, but also exchange the rooks. That will be good for White,
because Black will be left without his last rook, and it will be easier for
White to fight against black's light pieces.} Rxd1 $6 (36... h5 $5 37. Rxd8
Bxd8 {/\Bb6+ ~~}) 37. Rxd1 $14 Kc6 (37... Bg6 $5 {with the idea to play "h5"
on the next move,to stop his opponent's kingside pawns, but here, my friend -
Fritz 8 :) found an interesting idea:} 38. h5 $1 Bxh5 39. g4 Bg6 40. f4 {
[%cal Gf4f5,Gd1d7,Yg6f7]} Bc2 41. Rd7+ Kc6 42. Rxf7 Bb2 43. f5 Ng5 44. Re7 h6
$14) 38. h5 $1 {[%csl Rf5][%cal Gg3g4]} Nc7 $2 {Probably this mistake was made
in zeitnot.} (38... h6 $5 39. g4 Bh7 40. f4 Be4 {and it will be very hard to
get through black's position.}) 39. Nd4+ $1 {Now White will exchange one of
black's dangerous bishops, after which his endgame advantage will become more
clear.} Bxd4+ 40. Rxd4 $16 Kb5 $2 {Last move in zeitnot.} (40... Nb5 $142 41.
Rc4+ Kd6 42. g4 Be6 43. Rc1 Nxa3 $140 (43... f6 44. Kg3 $16) (43... Nd4 44. Ke3
Nb5 45. Kf4 $16) 44. Ra1 Nc2 45. Rxa6+ Kd5 46. b5 $16) 41. g4 Be6 42. Rd8 {
White slowly gets to the "h7" pawn.} Ba2 (42... Ka4 $2 43. Rh8 Kxa3 44. Rxh7
Kxb4 45. h6 Nd5 46. Rxf7 $1 Bxf7 47. h7 $18) (42... Nd5 $2 43. Rh8 Nf6 44. h6 {
/\g5(קh7) +-}) 43. Rh8 Bb1 44. f4 $18 {[%csl Rh7][%cal Gf4f5]} Ne6 ({This
doesn't change anything:} 44... Nd5 45. f5 Nf6 46. Kf3 Ka4 47. h6 Kxa3 48. Kf4
Nd5+ (48... Kxb4 $2 49. Rb8+) 49. Ke5 Ne3 50. Rxh7 Nxg4+ 51. Kf4 Nxh6 52. Rxh6
$18) 45. Ke3 {[%csl Rh7][%cal Gf4f5]} ({After:} 45. Ke3 {Black doesn't have
any defenses:} Nc7 46. f5 Nd5+ 47. Kf3 Nf6 48. h6 {/\Kf4 and g5 +-}) 1-0

[Event "Bundesliga 0304"]
[Site "Germany"]
[Date "2004.03.27"]
[Round "12.8"]
[White "Schenk, Andreas"]
[Black "Van den Doel, Erik"]
[Result "0-1"]
[WhiteElo "2499"]
[BlackElo "2609"]
[Annotator "Golod,V"]
[PlyCount "114"]
[EventDate "2003.11.01"]
[EventType "team-tourn"]
[EventRounds "15"]
[EventCountry "GER"]
[SourceTitle "CBM 100"]
[Source "ChessBase"]
[SourceDate "2004.06.01"]
[SourceVersion "1"]
[SourceVersionDate "2004.06.01"]
[SourceQuality "1"]
[WhiteTeam "Baden Oos"]
[BlackTeam "Porz"]
[WhiteTeamCountry "GER"]
[BlackTeamCountry "GER"]

1. d4 Nf6 2. c4 e6 3. Nc3 Bb4 4. Qc2 d5 5. cxd5 Qxd5 6. e3 c5 7. Bd2 Bxc3 8.
Bxc3 cxd4 9. Bxd4 Nc6 10. Bxf6 {After this exchange White can't claim on
getting serious advantage.} (10. Bc3 $5 {It's main line.See comments to
Marcelin,C-David,A/France,2003/CBM 94(1-0)(Golod,V)(31)}) 10... gxf6 11. Ne2
Bd7 12. a3 Qe5 13. Nc3 Nd4 (13... f5 $5 14. O-O-O O-O-O 15. g3 Kb8 {+/=/= You
can see annotations to game: Kasparov,G-Anand,V/New York,1995/CBM 49(1/2-1/2)
(De Firmian,N)(29)}) 14. Qd1 $146 ({Were checked in the preceding game:} 14.
Qd3 $5 Nf5 15. Be2 (15. e4 $5 Ne7 16. O-O-O O-O-O 17. Qe3 Kb8 18. f4 Qc7 19.
Bd3 h5 20. Rd2 h4 21. Rhd1 Bc6 22. Kb1 a6 23. Bc2 {1/2-1/2 Bareev,E-Adams,M/
Enghien les Bains,2003(23)}) 15... O-O-O $11 {You can see comments to Bareev,
E-Gelfand,B/Novgorod,1997/CBM 60(1/2-1/2)(Tsesarsky,I)(30)}) 14... Nf5 15. Qc2
O-O-O ({Leads to quieter game:} 15... Nd4 16. Qd1 (16. Qd3 $5) 16... Nf5 $11) (
15... Bc6 $143 16. O-O-O {[%csl Re8]} Nd6 (16... O-O $143 17. Bd3 $1 $14) 17.
Kb1 O-O-O $11) 16. Bb5 $6 ({Looks more trivial:} 16. O-O-O $5 Bc6 17. Bd3 Bxg2
$5 {More complicated continuation is accepting the pawn sacrifice.} (17... Nd6
18. Kb1 Kb8 ({Of course not:} 18... Bxg2 $4 19. f4 $18 {[%csl Rg2][%cal Gc2g2]}
) 19. Qe2 $11 {[%csl Ye2,Rg2][%cal Gf2f4,Ye2g2]}) 18. Rhg1 Bh3 (18... Bc6 19.
Bxf5 Rxd1+ 20. Rxd1 exf5 21. Rd4 $44 {[%csl Rf5,Rf6,Rf7]}) (18... Bf3 $5 19.
Bxf5 exf5 (19... Bxd1 $143 20. Nxd1+ Kb8 21. Be4 Rc8 22. Nc3 f5 23. Bf3 Qxh2
24. Rh1 Qc7 25. Kb1 $14 {+/=/= White has two pieces for a rook,however Black
has only one weakness,though the position is almost equal.}) 20. Rxd8+ Rxd8 21.
Rg3 Bc6 22. Qe2 Be4 23. Rh3 Bd3 24. Qf3 Be4 25. Qe2 $11) 19. Ne4+ Kb8 20. Kb1 {
[%csl Rh3]} h5 (20... Nd6 $6 21. f4 Qa5 22. Nxf6 $16 {[%csl Rh3,Rh7]}) 21. Qe2
$1 {[%csl Rf6][%cal Yf2f4]} Rh6 22. Bc2 $1 Rc8 (22... Rxd1+ 23. Rxd1 {[%cal
Yd1d7]} Rh8 (23... Qc7 24. Qb5 a6 25. Qe8+ Ka7 26. Rd7 Qc6 27. Qxf7 $16) 24.
Rd7 Rc8 25. Rxf7 $16) 23. Rd7 a6 $1 (23... Qxh2 $4 24. Qb5 Qxg1+ 25. Ka2 Rc7
26. Rd8+ Rc8 27. Nc5 $18 {[%csl Gb5,Rb8,Gc5,Gd8][%cal Gb5b7]} Nd6 $140 28.
Qxb7+ Nxb7 29. Na6+ Ka8 30. Rxc8#) (23... Rg6 24. Rxg6 fxg6 25. f4 {[%csl Gf4,
Rf6][%cal Gf4e5,Ye5f6]} Qa5 26. Nxf6 $16) 24. f4 Qa5 25. Rxf7 Qb6 $1 26. Nxf6
$140 Rxf6 $3 27. Rxf6 Nxe3 {[%csl Rc2,Rf6,Rg1][%cal Gc8c2,Ge3g4]} 28. Bd3 Bg4
29. Rxg4 (29. Qf2 $2 Qd4 {[%csl Rd3,Rf6]} 30. Bh7 Rh8 $1 31. h3 Qxf6 32. Qxe3
Rxh7 33. hxg4 hxg4 $17) 29... hxg4 $11) 16... Bxb5 17. Nxb5+ Kb8 18. Nc3 Rhg8
19. g3 $6 {[%csl Rd3,Re2,Rf3,Rg2] By making this move White has weakens all of
his white squares.} (19. Rd1 $142 $1 Rxd1+ (19... Nh4 20. Rxd8+ Rxd8 21. Qe4 $1
Ng6 (21... Qxe4 22. Nxe4 Nxg2+ 23. Ke2 f5 24. Ng5 Nh4 $11) (21... Qg5 22. g3
Ng6 23. O-O $11) 22. Qxe5+ Nxe5 23. Ke2 Nc4 24. Rd1 Rxd1 (24... Rf8 25. Rd7
Nxb2 $140 26. Ne4 $36 {[%csl Rf6][%cal Ye4d6]}) 25. Nxd1 $11 {[%csl Yd1][%cal
Yd1b2]}) (19... Nd6 20. O-O $11) 20. Qxd1 a6 (20... Qc5 21. O-O $11) 21. O-O
Nh4 22. g3 Qf5 23. f3 Qe5 24. Qe2 Nf5 25. Ne4 Nd6 $11) 19... Nd4 $36 20. Qd1 (
20. Qa4 $2 Nf3+ 21. Ke2 Qh5 {[%csl Re2]} 22. Qf4+ Ne5+ (22... e5 $5 {[%csl Re2]
[%cal Gd8d2]}) 23. Kf1 (23. f3 Ka8 {[%csl Re2][%cal Ge5f3]} 24. h3 (24. Raf1
Nd3 $40 {[%csl Rb2,Re2][%cal Gh5h3,Gh3g2,Gd3b2]}) 24... Nd3 25. Qxf6 Qc5 $1 {
[%csl Re2][%cal Gc5c4]} 26. Qh4 Nxb2 27. Qb4 Qxb4 28. axb4 Rxg3 29. Rag1 Rg6
$17) 23... Rg5 {[%csl Rf2][%cal Gg5f5]} 24. Qxf6 Rc8 {[%csl Rf1,Rf3][%cal
Gg5f5,Gh5f3]} 25. Qe7 Qh3+ 26. Ke2 (26. Ke1 Rf5 $40 {[%cal Gh3g2]}) 26... Qf5 {
[%csl Rb2][%cal Gf5f3,Gf5c2]} 27. Qd6+ Ka8 28. Rhc1 Rgg8 $40 {[%csl Re2,Rh2]
[%cal Gf5h5]}) 20... Nb5 (20... h5 $144 21. O-O Nb5 22. Qb3 (22. Qc2 Nxc3 23.
bxc3 h4 {transfers to the game.}) 22... Nxc3 23. bxc3 h4 $1 {By exchanging "h"
pawns Black makes new threats on white's king.} 24. Rab1 b6 25. Rfd1 hxg3 26.
Rxd8+ Rxd8 27. hxg3 Rc8 $15 (27... Rh8 $15 {[%cal Ye5e4,Yh8h1]})) 21. Qc2 Nxc3
22. bxc3 h5 (22... Rc8 $142 $5 23. O-O (23. Rc1 h5 24. O-O h4 25. Rfd1 hxg3 26.
hxg3 Rh8 $15 {[%csl Ge5,Rg1,Gh8][%cal Ge5h5]}) 23... f5 (23... h5 24. c4 $1 (
24. Rad1 $6 Rxc3 25. Qh7 Rgc8 26. Qxf7 Rxa3 27. Rc1 Rac3 28. Rxc3 Rxc3 29. Rb1
b6 $17) (24. Rac1 h4 25. Rfd1 hxg3 26. hxg3 {and White has no time to the
exchange operation that happened in the game.} Rh8 $36)) 24. Rac1 h5 (24... Rc4
25. Rfd1 Rgc8 26. Rd4 $13) 25. Rfd1 h4 26. Rd7 Rc7 27. Qd3 hxg3 28. hxg3 Rgc8
$15) 23. O-O h4 (23... Rc8 $5 {you can see comments to 22...Rc8}) 24. Rfd1 $1
Rc8 (24... hxg3 25. hxg3 Qh5 26. Kg2 Rxd1 27. Rxd1 Rh8 {[%csl Rg2]} 28. Qd3
$132 {[%csl Rb8][%cal Gd3d6]}) 25. c4 $5 ({It was interestingly:} 25. Rd7 $5
hxg3 26. hxg3 Rxc3 $140 $6 27. Qh7 $1 ({dubious is:} 27. Qb2 $2 {in view of}
Rc7 $17) 27... Rgc8 (27... Rf8 28. Rad1 ({Of course not:} 28. Rxf7 $4 Rxf7 29.
Qxf7 Rc7 $19 {[%csl Ra1,Yc7,Yc8,Ge5,Rf7][%cal Yc7c8,Ge5a1]}) 28... a6 29. Rxf7
Rxf7 30. Qxf7 Ka7 31. Qe7 f5 32. Qb4 $11) (27... Rxg3+ $1 28. fxg3 Qxe3+ 29.
Kg2 Qf3+ (29... Qxg3+ $144 30. Kh1 Qf3+ $11) 30. Kh2 Qf2+ 31. Kh1 Qf3+ 32. Kh2
$11) 28. Rxf7 Qd5 {[%csl Rg1][%cal Gc3c1]} 29. e4 Qb5 30. Qh6 $1 {[%cal Yh6c1,
Gh6f6]} (30. Rxf6 $6 Qe5 {[%cal Yc3g3]} 31. Qh6 (31. Qg6 $2 {[%tqu "En",
"White's previous move was a deciding blunder. Can you find why?","","","c3f3",
"",10]} Rf3 $3 {[%csl Ra1,Rf6]} 32. Rxf3 Qxa1+ 33. Kg2 Rh8 $19 {[%csl Rg2]
[%cal Ga1h1]}) 31... Rxg3+ $1 32. fxg3 Qxa1+ 33. Kg2 Qxa3 34. Rxe6 (34. Qf4+
Ka8 35. Rxe6 $4 Qa2+ {[%csl Re6,Rg2]}) 34... Qb2+ $1 35. Kf3 a5 $17 {White's
king is too weak and White can't protect his pawns, because of it.}) 30... Qe5
31. Qxf6 Rxg3+ $1 32. fxg3 Qxg3+ 33. Kh1 Qh3+ 34. Kg1 Qg3+ 35. Kh1 $11 (35. Kf1
Qh3+ $11)) ({Another way to equal the position was:} 25. Rd4 hxg3 26. hxg3 Rh8
27. Rb1 Qh5 (27... b6 28. Qd3 Qh5 29. Rh4 Qf3 30. Rbb4 $11 {[%csl Yb4][%cal
Yb4h4]}) 28. Rxb7+ $1 (28. Rh4 Qd5 $15) 28... Kxb7 29. Qb1+ Kc7 30. Rc4+ {
[%csl Gb1,Gc4]} Kd8 31. Rh4 {[%csl Rh5,Rh8]} Qxh4 32. gxh4 Rxh4 33. f4 Rh5 34.
Qb7 Rc7 35. Qb8+ Kd7 36. Qf8 {[%csl Rf7][%cal Gf8f7]} Kc6 37. Qa8+ Kd7 38. Qf8
$11) 25... hxg3 26. hxg3 Rg4 (26... Rh8 27. Rab1 Qh5 28. Qe4 Rc7 $15 {[%csl
Yc7][%cal Yc7b7]}) 27. Rac1 Rh8 ({Hardly it was better:} 27... Qh5 28. Qd3 {
[%cal Gd3d6,Yd6g3]} Rh8 29. Qd6+ Kc8 30. Qd7+ Kb8 31. Qd6+ $11) ({or} 27... Qc5
28. Rd7 Qxa3 29. c5 $1 {[%csl Rb7,Gc1,Gd7,Rf7][%cal Gc1b1]} Rxg3+ $1 (29... Rg5
$2 {[%csl Rc5]} 30. c6 $1 bxc6 (30... Rxc6 $4 31. Rxb7+ Kxb7 32. Qxc6+ Kb8 33.
Qc8#) 31. Rxf7 $16) 30. fxg3 Qxe3+ 31. Kg2 (31. Kh2 $144 Rh8+ 32. Kg2 Rg8 {
[%csl Rg3]}) 31... Rg8 32. Rd2 Qxg3+ 33. Kh1 Qf3+ 34. Rg2 Qh3+ 35. Rh2 (35. Kg1
$2 Rxg2+ 36. Qxg2 Qe3+ $19 {[%csl Rc1,Ge3,Rg1][%cal Ge3g1,Ge3c1]}) 35... Qf3+
$11) 28. Qd2 Rgg8 {[%cal Ge5e4,Ge5h5]} 29. Qd6+ Qxd6 30. Rxd6 $11 Rd8 {<->d}
31. Rcd1 Rxd6 32. Rxd6 Kc7 33. Rd4 Kc6 34. Kg2 f5 35. Kf3 a5 {[%csl Gd4,Yh8]
Black's only idea to create the free pawn on line "a" . White's rook has to
wait ,until Black's rook wiil leave the last line, and White will attack the
"f" pawn, or exchange pawns on the king side.} 36. g4 $5 ({Deserves attention:
} 36. Ke2 Rh1 ({If black waites, for example:} 36... a4 {then White has a new
idea:} 37. Rh4 $1 Rd8 38. Rd4 Rh8 39. Rh4 $11) 37. Rd8 Ra1 38. Rc8+ Kb6 39. c5+
Kb5 40. Rc7 Rxa3 41. Rxb7+ Kxc5 42. Rxf7 Rb3 43. Re7 Rb6 44. Kd3 {[%csl Yd3]
[%cal Yd3c2]} Kb4 45. Kc2 Ka3 46. f3 a4 47. g4 $11) (36. Rh4 $6 Rd8 37. Ke2 (
37. Rd4 $4 Rxd4 38. exd4 b5 {[%csl Ra3]} 39. c5 $140 b4 40. axb4 a4 $1 $19 {
[%csl Ga4][%cal Ga4a3,Ga3a2,Ga2a1]}) 37... Kc5 $15) 36... Rh3+ 37. Kg2 $6 {
[%csl Rg2]} (37. Kf4 $6 f6 38. Rd8 Rh4 39. f3 {[%cal Yf4g3]} fxg4 40. fxg4 (40.
Kg3 $143 Rh1 41. Kxg4 Rc1 $17 {[%csl Ra3,Rc4,Re3][%cal Gc1c3,Gc3e3,Gc3a3]})
40... f5 41. Ke5 fxg4 42. Rc8+ Kd7 43. Rg8 Rh3 44. Ke4 g3 $15) (37. Ke2 $142
fxg4 38. Rxg4 {[%csl Ra5][%cal Gg4g5]} Kc5 39. Rg5+ f5 40. Rg6 Kxc4 41. Rxe6
$11) 37... fxg4 38. Rxg4 Rh5 39. Rg7 ({It was better immediately:} 39. Rg8)
39... Rf5 40. f4 $4 {Painful blunder leading to immediate loss.} ({Still
enough for a drawn game was:} 40. Rg8 b5 41. cxb5+ Kxb5 42. Rg4 {[%csl Yg4]
[%cal Yg2f1,Yf1e1]} Rd5 43. Kf3 Rd2 44. Rf4 f5 45. e4 $1 Rd3+ 46. Ke2 Rd4 47.
Ke3 Rxe4+ 48. Rxe4 fxe4 49. Kxe4 Ka4 50. Ke5 Kxa3 51. Kxe6 a4 52. f4 Kb2 53. f5
a3 54. f6 a2 55. f7 a1=Q 56. f8=Q $11) 40... Kc5 41. Kf3 Kxc4 42. e4 Rf6 43.
Kg4 (43. e5 Rf5 44. Ke4 Kb3 $1 45. Rg3+ Ka4 46. Rf3 Rh5 $19 {[%csl Ra3][%cal
Gh5h1,Gh1a1,Gb7b5]}) 43... Kd4 44. Kg5 Rg6+ $1 {The rest is just a matter of
technique.} 45. Rxg6 fxg6 46. e5 b5 47. Kxg6 b4 48. axb4 (48. f5 b3 $1 {
[%csl Rg6]} 49. fxe6 b2 50. e7 b1=Q+ $19) 48... axb4 49. f5 b3 50. fxe6 b2 51.
e7 b1=Q+ 52. Kg7 Qg1+ 53. Kf7 Qf1+ 54. Kg7 Qg2+ 55. Kf7 Qf3+ 56. Kg7 Qh5 57.
Kf8 Qf5+ {[%csl Re5][%cal Gf5e5]} 0-1